000 00270nam a2200133Ia 4500
100 _aSchwartz/M.M
942 _cBK
654 _ametals
245 _aMetals joining Manual
260 _bMcGraw - Hill
_c1979
082 _a671.5
_bSCH
546 _aENGLISH
999 _c31633
_d31633